000
00224 a2200097 4500
001
18025
100
_a
Nicholson, R A
245
_a
Studies in islamic mysticism
260
_a
_b
Cambridge Univ Press
_c
090
_c
13329
_d
13329
942
_a
NUST-CAE
_c
M
_c
3702
999
_c
253098
_d
253098